Ausstellung Vorgeschichte der Region Uherské Hradiště : Gedenkstätte des Mährerreichs - Kyrill- und Method-Zentrum /

Main Author: Bartík, Jaroslav, 1990-
Corporate Author: Slovácké muzeum (Uherské Hradiště, Česko). Památník Velké Moravy
Other Authors: Menoušková, Dana, 1973-, Kuchař, Zdeněk, 1988-, Brehmer, Günter, 1971-
Language: German
Published: [Uherské Hradiště] : Museum der Mährischen Slowakei in Uherské Hradiště, Haushaltgestützte Organisation, 2023
Subjects:
Physical Description: 21 nečíslovaných stran : ilustrace (převážně barevné) ; 21 x 10 cm
Book
Saved in:
LEADER 02452nam a2200565 i 4500
001 nkc20243626032
003 CZ PrNK
005 20250207060651.0
007 ta
008 240808s2023 xr a e f 000 0 ger
020 |a 978-80-87671-54-2  |q (brožováno) 
040 |a OLA001  |b cze  |e rda 
041 1 |a ger  |h cze 
043 |a e-xr---  |b e-xr-zl  |2 czenas 
072 7 |a 903  |x Pravěk  |2 Konspekt  |9 8 
080 |a 903  |2 MRF 
080 |a 069  |2 MRF 
080 |a (437.323)  |2 MRF 
080 |a (036)  |2 MRF 
100 1 |a Bartík, Jaroslav,  |d 1990-  |7 mzk2013790391  |4 aut 
245 1 0 |a Ausstellung Vorgeschichte der Region Uherské Hradiště :  |b Gedenkstätte des Mährerreichs - Kyrill- und Method-Zentrum /  |c Texte - Jaroslav Bartík, Dana Menoušková, Zdeněk Kuchař ; Übersetzung - Günter Brehmer 
264 1 |a [Uherské Hradiště] :  |b Museum der Mährischen Slowakei in Uherské Hradiště, Haushaltgestützte Organisation,  |c 2023 
300 |a 21 nečíslovaných stran :  |b ilustrace (převážně barevné) ;  |c 21 x 10 cm 
336 |a text  |b txt  |2 rdacontent 
336 |a statický obraz  |b sti  |2 rdacontent 
337 |a bez média  |b n  |2 rdamedia 
338 |a svazek  |b nc  |2 rdacarrier 
500 |a Přeloženo z češtiny 
500 |a Název z obálky 
610 2 7 |a Slovácké muzeum (Uherské Hradiště, Česko).  |b Památník Velké Moravy  |7 kn20100311003  |2 czenas 
650 0 7 |a pravěk  |7 ph117254  |z Česko  |2 czenas 
650 0 7 |a stálé expozice  |7 ph854721  |z Česko  |2 czenas 
650 0 9 |a prehistory  |z Czechia  |2 eczenas 
650 0 9 |a permanent exhibitions  |z Czechia  |2 eczenas 
651 7 |a Uherské Hradiště (Česko : oblast)  |7 ge131202  |2 czenas 
651 7 |a Uherské Hradiště (Česko)  |7 ge131201  |2 czenas 
651 9 |a Uherské Hradiště Region (Czechia)  |2 eczenas 
651 9 |a Uherské Hradiště (Czechia)  |2 eczenas 
655 7 |a průvodce  |7 fd133154  |2 czenas 
655 9 |a guidebooks  |2 eczenas 
700 1 |a Menoušková, Dana,  |d 1973-  |7 mzk2008486564  |4 aut 
700 1 |a Kuchař, Zdeněk,  |d 1988-  |7 mzk20241231901  |4 aut 
700 1 |a Brehmer, Günter,  |d 1971-  |7 xx0079337  |4 trl 
710 2 |a Slovácké muzeum (Uherské Hradiště, Česko).  |b Památník Velké Moravy  |7 kn20100311003  |4 orm 
910 2 |a BOA001  |b 2-1486.252 
928 9 |a Slovácké muzeum v Uherském Hradišti 
990 |a BK 
995 |a 61 
991 |b 202502  |c NOV 
996 6 |b 2610993979  |c 2-1486.252  |l MZK  |r Sklad / do 1 hodiny  |n 0  |p p.v.  |w 001993754  |u 000010  |a 1  |e BOA001  |j MZK50  |s P